Nba 2021 draft prospect - Statistics

General Stats
  • This quiz has been taken 78 times
  • The average score is 6 of 11
Answer Stats
Age Team Answer % Correct
19 Oklahoma state Cade Cunningham
92%
18 G league Jalen Green
86%
19 Gonzaga Jalen Suggs
76%
19 Usc Evan Mobley
69%
18 G league Jonathan Kuminga
59%
19 Duke Jalen Johnson
51%
19 Kentucky wildcats Brandon Boston
44%
19 Florida state Scottie Barnes
42%
19 Stanford Ziaire Williams
38%
19 Arizona state Josh Christopher
34%
19 arizona state Marcus Bagley
17%
No matching quizzes found
Score Distribution
Percent of People with Each Score
Percentile by Number Answered
Your Score History
You have not taken this quiz